[Event "RUS-chT 18th"]
[Site "Olginka"]
[Date "2011.04.23"]
[Round "11"]
[White "Perekhodkin, Vladimir"]
[Black "Lushenkov, Mikhail M"]
[Result "1/2-1/2"]
[WhiteElo "2232"]
[BlackElo "2441"]
[PlyCount "35"]
[EventDate "2011.04.12"]
[EventType "team-tourn"]
[EventRounds "11"]
[EventCountry "RUS"]
[SourceTitle "EXT 2020"]
[Source "ChessBase"]
[SourceDate "2019.10.17"]
[SourceVersion "1"]
[SourceVersionDate "2019.10.17"]
[SourceQuality "1"]
[WhiteTeam "Desnogorsk Atom"]
[BlackTeam "Belgorod BelGu"]
[WhiteTeamCountry "RUS"]
[BlackTeamCountry "RUS"]

1. d4 Nf6 2. Nf3 e6 3. g3 d5 4. Bg2 b5 5. a4 b4 6. c4 bxc3 7. Nxc3 Nc6 8. Bf4 Bb4 9. 0-0 Bxc3 10. bxc3 Ba6 11. a5 Rb8 12. Re1 0-0 13. Bg5 h6 14. Bxf6 Qxf6 15. e4 Rb2 16. Rb1 Ra2 17. Ra1 Rb2 18. Rb1 1/2-1/2

[Event "RUS-chT2 17th"]
[Site "Dagomys"]
[Date "2010.04.08"]
[Round "7"]
[White "Kryakvin, Dmitry"]
[Black "Perekhodkin, Vladimir"]
[Result "1-0"]
[WhiteElo "2574"]
[BlackElo "2227"]
[PlyCount "87"]
[EventDate "2010.04.01"]
[EventType "team-tourn"]
[EventRounds "7"]
[EventCountry "RUS"]
[SourceTitle "CBM 135 Extra"]
[Source "ChessBase"]
[SourceDate "2010.05.04"]
[SourceVersion "1"]
[SourceVersionDate "2010.05.04"]
[SourceQuality "1"]

1. c4 c6 2. d4 d5 3. Nf3 e6 4. Nbd2 Nf6 5. g3 Nbd7 6. Bg2 b5 7. c5 Qe7 8. 0-0 a5 9. Qc2 Bb7 10. e4 Nxe4 11. Nxe4 dxe4 12. Qxe4 Nf6 13. Qc2 Nd5 14. a4 b4 15. Ne5 Qd8 16. Re1 Be7 17. Be4 Bf6 18. Nc4 0-0 19. Nd6 Ba6 20. Bxh7+ Kh8 21. Bd3 Bxd3 22. Qxd3 g6 23. Bh6 Bg7 24. Qd2 Qf6 25. Re4 Bxh6 26. Qxh6+ Kg8 27. Rae1 Qg7 28. Qd2 Ne7 29. h4 Nf5 30. Nc4 Qh6 31. Rf4 Rfd8 32. Ree4 Ne7 33. Nd6 Nf5 34. Nxf7 Kxf7 35. Rxf5+ exf5 36. Qxh6 fxe4 37. Qf4+ Ke7 38. Qe5+ Kf7 39. Qc7+ Ke6 40. Qxc6+ Kf5 41. g4+ Kf4 42. Qf6+ Kxg4 43. f3+ Kh3 44. Qf4 1-0

[Event "RUS-chT2 17th"]
[Site "Dagomys"]
[Date "2010.04.03"]
[Round "2"]
[White "Bukavshin, Ivan"]
[Black "Perekhodkin, Vladimir"]
[Result "1-0"]
[WhiteElo "2427"]
[BlackElo "2227"]
[PlyCount "91"]
[EventDate "2010.04.01"]
[EventType "team-tourn"]
[EventRounds "7"]
[EventCountry "RUS"]
[SourceTitle "CBM 135 Extra"]
[Source "ChessBase"]
[SourceDate "2010.05.04"]
[SourceVersion "1"]
[SourceVersionDate "2010.05.04"]
[SourceQuality "1"]

1. d4 d5 2. c4 e6 3. Nc3 Nf6 4. cxd5 exd5 5. Bg5 c6 6. e3 Bd6 7. Bd3 0-0 8. Nge2 Be6 9. Qb3 b5 10. Qc2 h6 11. Bf4 Na6 12. 0-0 Nb4 13. Qd2 Nxd3 14. Qxd3 Nh5 15. Bxd6 Qxd6 16. Rac1 f5 17. g3 Rae8 18. Nf4 Nxf4 19. exf4 Bd7 20. Rfe1 Rxe1+ 21. Rxe1 Re8 22. Re5 Rxe5 23. fxe5 Qb4 24. b3 a6 25. Ne2 Qe1+ 26. Kg2 a5 27. Qe3 Kf7 28. h4 g5 29. Qd3 Kg7 30. Qc2 Kf7 31. hxg5 hxg5 32. g4 fxg4 33. Qh7+ Ke8 34. Qg8+ Ke7 35. Qxg5+ Ke8 36. Nf4 Qe4+ 37. Kh2 Qh7+ 38. Kg3 Be6 39. Qf6 Bf5 40. Qxc6+ Bd7 41. Qa8+ Ke7 42. Qxd5 Qb1 43. Qd6+ Ke8 44. e6 Qg1+ 45. Ng2 Bc8 46. Qc6+ 1-0

[Event "Moscow Petrosian Memorial U18"]
[Site "Moscow"]
[Date "2005.01.??"]
[Round "5"]
[White "Perekhodkin, Vladimir"]
[Black "Khodeev, Mojsey"]
[Result "1-0"]
[WhiteElo "2153"]
[BlackElo "2018"]
[PlyCount "111"]
[EventDate "2005.01.??"]
[EventType "swiss"]
[EventRounds "9"]
[EventCountry "RUS"]
[SourceTitle "EXT 2006"]
[Source "ChessBase"]
[SourceDate "2005.11.24"]
[SourceVersion "1"]
[SourceVersionDate "2005.11.24"]
[SourceQuality "1"]

1. d4 Nf6 2. Nf3 g6 3. b3 Bg7 4. Bb2 d5 5. g3 0-0 6. Bg2 c6 7. 0-0 Nbd7 8. c4 Re8 9. Nc3 dxc4 10. bxc4 Nb6 11. Qb3 Be6 12. Ne5 Nfd7 13. d5 cxd5 14. cxd5 Nxd5 15. Nxf7 Bxf7 16. Bxd5 e6 17. Bg2 Nc5 18. Qb4 Rc8 19. Rfd1 Qe7 20. Nb5 a5 21. Qa3 Bxb2 22. Qxb2 Rcd8 23. Qe5 b6 24. Nd6 Rf8 25. Nc4 Rxd1+ 26. Rxd1 Rd8 27. Rb1 Qf8 28. Nxb6 Rb8 29. Rb5 Na6 30. a4 Rd8 31. Rxa5 Nb4 32. Qc5 Qxc5 33. Rxc5 Be8 34. a5 Na6 35. Rc8 Rd1+ 36. Bf1 Kf7 37. Kg2 Bb5 38. Nc4 Kg7 39. Na3 Bd7 40. Rc3 Rd5 41. e4 Rxa5 42. Bxa6 Rxa6 43. Rc7 Rxa3 44. Rxd7+ Kg8 45. f4 Re3 46. e5 Ra3 47. Kh3 Rb3 48. Kg4 h6 49. Re7 Rb6 50. h4 Kf8 51. Rh7 Rb3 52. h5 gxh5+ 53. Kh4 Rb1 54. Rxh6 Rh1+ 55. Kg5 Rh3 56. Rxh5 1-0

[Event "Moscow Petrosian Memorial U18"]
[Site "Moscow"]
[Date "2005.01.??"]
[Round "6"]
[White "Vasilkova, Svetlana"]
[Black "Perekhodkin, Vladimir"]
[Result "1/2-1/2"]
[WhiteElo "2293"]
[BlackElo "2153"]
[PlyCount "56"]
[EventDate "2005.01.??"]
[EventType "swiss"]
[EventRounds "9"]
[EventCountry "RUS"]
[SourceTitle "EXT 2006"]
[Source "ChessBase"]
[SourceDate "2005.11.24"]
[SourceVersion "1"]
[SourceVersionDate "2005.11.24"]
[SourceQuality "1"]

1. e4 c5 2. Nf3 a6 3. c4 Nc6 4. Nc3 d6 5. d4 cxd4 6. Nxd4 Nf6 7. Be2 e5 8. Nc2 Be7 9. 0-0 0-0 10. f3 Ne8 11. Be3 Bg5 12. Bf2 f5 13. c5 dxc5 14. Bxc5 Be7 15. Bf2 fxe4 16. Qxd8 Nxd8 17. fxe4 Nf6 18. Ne3 Be6 19. Ned5 Bxd5 20. exd5 Nf7 21. Rfd1 Rac8 22. Bf3 Rfd8 23. Kf1 Bb4 24. Ne4 Nxe4 25. Bxe4 Nd6 26. Bf3 Rf8 27. Kg1 Rc2 28. Bg3 e4 1/2-1/2